Top 20 Cities of Norway on a Map Quiz Stats

 Plays Quiz Updated Sep 26, 2017

Also try: Counties of Norway
Challenge
Share
Tweet
Score 0/20 Timer 03:00
4 Plays Today
% Correct
Oslo
98.9%
Bergen
86.6%
Trondheim
78.1%
Tromsø
70.2%
Stavanger
64.1%
Bodø
55.8%
Kristiansand
53.2%
Drammen
48.1%
Ålesund
48%
Fredrikstad
39.2%
% Correct
Skien
37%
Sandnes
36.1%
Arendal
35.2%
Larvik
30.4%
Sarpsborg
28.3%
Sandefjord
25.3%
Tønsberg
23.3%
Asker
18.1%
Bærum
16.7%
Skedsmo
15.2%

You're not logged in!

Compare scores with friends on all Sporcle quizzes.
OR
Log In

You Might Also Like...

Show Comments

Extras

Top Quizzes Today


Score Distribution

Your Account Isn't Verified!

In order to create a playlist on Sporcle, you need to verify the email address you used during registration. Go to your Sporcle Settings to finish the process.

Report this User

Report this user for behavior that violates our Community Guidelines.

Details: